Quizzes
Events
Quiz Creation
Community
Videos
Private Events
Remove Ads
Sign In
Join for FREE
Feedback
Dark Mode
Quiz Categories
Sports
Geography
Music
Movies
Television
Just For Fun
Miscellaneous
History
Literature
Language
Science
Gaming
Entertainment
Religion
Holiday
For Kids
Quiz Lab
Recent
Popular Today
Quiz Kudos Today
Editor Picks
Curator Picks
Quizzes by...
Day
Popularity
Type
Ratings
Length
Year
Community
Subscriptions
Recent Discussions
Orange Saloon
Badges
Playlists
Quests
Create
Leaderboards
Showdown
Live 5
Trivia Bingo
Activity
Puzzle Library
Sporcle Events
Private Events
Virtual Trivia
Globe League
Become a Host
Pub Owners
SporcleCon
Opinionation
Our Games
Videos
Blog
Mobile Apps
Partnerships
Remove Ads and Go Orange
Feedback
Sports
Athletes
MLB
NBA
NHL
NFL
Soccer
Sports Teams
WWE
NCAA
Football
Premier League
Basketball
Baseball
Hockey
Golf
Tennis
Cricket
Rugby
Auto Racing
Olympics
World Cup
Sports
Athletes
MLB
NBA
NHL
NFL
Soccer
Sports Teams
WWE
NCAA
Football
Premier League
Basketball
Baseball
Hockey
Golf
Tennis
Cricket
Rugby
Auto Racing
Olympics
World Cup
Random Quiz
Search Sporcle
×
Quiz Lab
Quiz Lab
Sports
NFL
Type in answers that appear in a list
Type in answers that appear in a list
Classic
Best Score? Go Orange.
NFL Touchdowns Week 6 2011 Season Stats
Can you name the players who scored a touchdown during week 6 of the 2011 NFL season?
By
brook5584
6m
67 Questions
99 Plays
99 Plays
99 Plays
Comments
Comments
Give Quiz Kudos
Give Quiz Kudos
-
- Ratings
hide this ad
More Info
Replay
Link that replays current quiz
Next Quiz
Link to next quiz in quiz playlist
You Got
0%
They Got
Avg Score
70%
Avg Friend Score
Upgrade to see
Score Distribution
Jump to the score distribution portion of the page
Score
0/67
Timer
06:00
0
Plays Today
Game
Name
% Correct
Panthers at Falcons
Cam Newton
96%
Rams at Packers
James Jones
94.9%
Texans at Ravens
Jacoby Jones
94.9%
49ers at Lions
Alex Smith
90.9%
Browns at Raiders
Alex Smith
90.9%
Texans at Ravens
Wade Smith
90.9%
Panthers at Falcons
Matt Ryan
89.9%
Bills at Giants
Fred Jackson
89.9%
Colts at Bengals
A.J. Green
88.9%
Panthers at Falcons
Michael Turner
87.9%
Rams at Packers
Aaron Rodgers
87.9%
Eagles at Redskins
Michael Vick
87.9%
Dolphins at Jets
Mark Sanchez
87.9%
Bills at Giants
Steve Johnson
86.9%
Eagles at Redskins
LeSean McCoy
86.9%
Browns at Raiders
Colt McCoy
86.9%
Saints at Buccaneers
Drew Brees
86.9%
Colts at Bengals
Curtis Painter
85.9%
Jaguars at Steelers
Ben Roethlisberger
85.9%
Vikings at Bears
Jay Cutler
85.9%
Bills at Giants
Ahmad Bradshaw
84.8%
Vikings at Bears
Devin Hester
84.8%
Colts at Bengals
Andy Dalton
83.8%
Jaguars at Steelers
Mike Wallace
83.8%
Cowboys at Patriots
Tony Romo
83.8%
Saints at Buccaneers
Josh Freeman
82.8%
Vikings at Bears
Adrian Peterson
82.8%
Dolphins at Jets
Santonio Holmes
82.8%
49ers at Lions
Matthew Stafford
81.8%
Cowboys at Patriots
Tom Brady
81.8%
49ers at Lions
Frank Gore
80.8%
Rams at Packers
Jordy Nelson
80.8%
Jaguars at Steelers
Rashard Mendenhall
78.8%
Browns at Raiders
Darren McFadden
78.8%
Game
Name
% Correct
Colts at Bengals
Dallas Clark
77.8%
Cowboys at Patriots
Wes Welker
77.8%
Texans at Ravens
Ricky Williams
76.8%
Cowboys at Patriots
Aaron Hernandez
76.8%
Bills at Giants
Ryan Fitzpatrick
75.8%
Texans at Ravens
Joe Flacco
75.8%
Texans at Ravens
Matt Schaub
74.7%
Saints at Buccaneers
Marques Colston
74.7%
Colts at Bengals
Cedric Benson
73.7%
Dolphins at Jets
Darrelle Revis
73.7%
Rams at Packers
Donald Driver
72.7%
Jaguars at Steelers
Blaine Gabbert
72.7%
Cowboys at Patriots
Jason Witten
71.7%
49ers at Lions
Brandon Pettigrew
67.7%
Eagles at Redskins
John Beck
63.6%
Panthers at Falcons
Jonathan Stewart
60.6%
Colts at Bengals
Donald Brown
58.6%
Eagles at Redskins
Brent Celek
56.6%
49ers at Lions
Nate Burleson
48.5%
Saints at Buccaneers
Arrelious Benn
45.5%
Saints at Buccaneers
Mark Ingram
45.5%
Jaguars at Steelers
Jason Hill
44.4%
Browns at Raiders
Mohamed Massaquoi
38.4%
Browns at Raiders
Jacoby Ford
37.4%
49ers at Lions
Delanie Walker
33.3%
Vikings at Bears
Marion Barber
32.3%
Saints at Buccaneers
Preston Parker
30.3%
Browns at Raiders
Shane Lechler
24.2%
Browns at Raiders
Kevin Boss
23.2%
Vikings at Bears
Dane Sanzenbacher
22.2%
Bills at Giants
Naaman Roosevelt
21.2%
Panthers at Falcons
Ovie Mughelli
19.2%
Colts at Bengals
Carlos Dunlap
14.1%
Quiz Playlist
Details
Report
Send in Message
Add To Playlist
More Info:
Each player will only appear once. For passing touchdowns both the Quarterback and the receiver will appear.
Classic:
Type in answers that appear in a list
Quiz Source
Last Updated: Feb 16, 2017
Quiz Scoreboard
CHALLENGE
Sign Up to Join the Scoreboard
Show All
Scores
Hide
Comments
May contain spoilers
Recently Published
Presidents Visiting Landmarks
by Hejman
History
7m
An Introduction to Baseball
by treessimontrees
Sports
5m
Movies - When Are They Set?
by FPL_Elf
Movies
5m
More to Explore
Quiz From the Vault
Featured Blog Post
Where Did the Easter Bunny Come From?
hide this ad
You Might Also Like...
Tags
NFL Quiz
2011
Player
season
Touchdown
Week
Today's Top Quizzes in Sports
Browse Sports
hide this ad
Today's Top Quizzes in NFL
Browse NFL
Top Contributed Quizzes in Sports
1
Les meilleurs buteurs des matchs entre le PSG et l’OM
2
2022 World Cup Stars
3
FIFA Club World Cup Champions
4
Les entraîneurs de l'OM et du PSG au 21e siècle
5
Name the Premier League winners with different clubs
6
La finale Lions - Afrique du Sud 2021
7
5-to-1: UK Sports Teams
8
England Test cricketers to play under Nasser Hussain
9
Players with Multiple 50 Home Run Seasons
10
AFC Teams Reveal (Wrong Answers Minefield)
Explore More
Trending Topics
Disney
Harry Potter
Anime
Kpop
Crossword
NBA
Marvel
Country
NFL
The Office
Pokémon
Soccer
Song
Puzzle
WWE
hide this ad
More By:
brook5584
Quiz
Plays
Rating
Category
Featured
Created
NFL Touchdowns Week 6 2015 Season
2,085
3.60
Sports
Oct 20, 2015
Big Brother 13 Houseguests
1,731
3.88
Television
Jul 8, 2011
Big Brother 16 Houseguests
1,486
4.33
Television
Jun 28, 2014
Big Brother 18 Houseguests
1,220
3.60
Television
Jun 23, 2016
Current US Senators (Clickable)
695
4.20
History
Apr 13, 2012
Go to Creator's Profile
Score Distribution
Quiz Creator Spotlight
brook5584
Follow
Send a Message
Quizzes Created
-
Created Quiz Play Count
-
More By This Creator
Popular Quizzes Today
1
Find the US States - No Outlines Minefield
2
Find the Countries of Europe - No Outlines Minefield
3
The Countries of the World
4
Find the US States
5
Popular People in 1961
6
US States
7
Risky Map Clicking: Biggest States A-Z
8
Movies - When Are They Set?
More Sports Quizzes
First XI: Sarri - Napoli
Quiz Lab
Trending Quizzes
Risky Map Clicking: Least Populous States A-Z
1-10 Letter G Words
1-10 Letter F Words
Risky Map Clicking: Next State Alphabetically
Risky Map Clicking: Biggest States A-Z
Recently Updated
Leaping Animals
pecheneg
Reality TV Shows (A-Z)
bhenderson79
Rickey Henderson's Hall of Fame Teammates
pecheneg
Champions League XIs: Arsenal
pecheneg
Quick Pick: Celebrities in WWE's Hall of Fame
aduchscher
A-Z Keypad Blitz II
pecheneg
Multiple Oscar Actors
pecheneg
Mystery Phrase Blitz: Oscar 'Best Actors'
pecheneg
F. Scott Fitzgerald Novels
LTH
Pick 3 Villains
ddd62291
Trending Topics
Marvel
Disney
Anime
Harry Potter
Kpop
NBA
Crossword
Soccer
Song
Country
WWE
Pokémon
NFL
Puzzle
The Office
Your Account Isn't Verified!
In order to create a playlist on Sporcle, you need to verify the email address you used during registration. Go to your
Sporcle Settings
to finish the process.
Report this User
Report this user for behavior that violates our
Community Guidelines
.
Details:
Send Report
Go to the Sporcle.com Mobile Site →
Comments